| Tag |
First Indicator |
Second Indicator |
Subfields |
| LEADER |
00000cam a2200000 4500 |
| 001 |
in00000990646 |
| 005 |
20150927160931.0 |
| 008 |
900509s1970 txuab 00010 eng d |
| 035 |
|
|
|a (OCoLC)21500318
|
| 035 |
|
|
|9 AEY5263AM
|
| 040 |
|
|
|a TXA
|c TXA
|d UtOrBLW
|
| 049 |
1 |
|
|a TXA2
|
| 090 |
|
|
|a S624.T4
|b B76 1970
|
| 110 |
2 |
|
|a Brown County (Tex.).
|b Conservation Needs Committee.
|
| 245 |
1 |
0 |
|a Soil and water conservation needs inventory of Brown County, Texas /
|c Compiled by Brown County Conservation Needs Committee.
|
| 264 |
|
1 |
|a Brownwood :
|b Southwest State Bank,
|c 1970.
|
| 300 |
|
|
|a 2 volumes :
|b drawings, maps, tables ;
|c 22 cm.
|
| 336 |
|
|
|a text
|b txt
|2 rdacontent
|
| 337 |
|
|
|a unmediated
|b n
|2 rdamedia
|
| 338 |
|
|
|a volume
|b nc
|2 rdacarrier
|
| 500 |
|
|
|a Participating agencies: Soil Conservation Service, USDA; Farmers Home Administration, USDA [and others]
|
| 650 |
|
0 |
|a Soil conservation
|z Texas
|z Brown County.
|
| 650 |
|
0 |
|a Land use
|z Texas
|z Brown County.
|
| 650 |
|
0 |
|a Soils
|z Texas
|z Brown County.
|
| 999 |
|
|
|a MARS
|
| 999 |
f |
f |
|s 8a9f0009-ec4d-3098-9b46-92168ce35c31
|i c5fd9e14-0d3f-3272-bfed-561bbfb1db0a
|t 0
|
| 952 |
f |
f |
|p ric
|a Texas A&M University
|b Rellis Campus
|c Joint Library Facility
|d Remote Storage
|t 0
|e S624.T4 B76 1970
|h Library of Congress classification
|i unmediated -- volume
|k pt.2
|m A14812787461
|
| 952 |
f |
f |
|p ric
|a Texas A&M University
|b Rellis Campus
|c Joint Library Facility
|d Remote Storage
|t 0
|e S624.T4 B76 1970
|h Library of Congress classification
|i unmediated -- volume
|k pt.1
|m A14814276783
|
| 952 |
f |
f |
|a Texas A&M University
|b College Station
|c Sterling C. Evans Library
|d Evans: Library Stacks
|t 0
|e S624.T4 B76 1970
|h Library of Congress classification
|
| 998 |
f |
f |
|a S624.T4 B76 1970
|s pt.1
|t 0
|l Remote Storage
|
| 998 |
f |
f |
|a S624.T4 B76 1970
|s pt.2
|t 0
|l Evans: Library Stacks
|